=LDR 00000nam 2200000 4500 =001 $a INLIS000000000008401 =005 $a 20260604130209 =008 $a 260604###########################0#ind## =022 ##$$a - =035 ##$$a 0010-0626000028 =082 ##$$a 614.4 =084 ##$$a 614.4 KEM p =110 #$$a Kementerian Negara Pemberdayaan Perempuan =245 ##$$a Pedoman Gerakan Sayang Ibu $b - $c Kementerian Negara Pemberdayaan Perempuan =247 ##$$a =260 ##$$a Jakarta $b Kementerian Negara Pemberdayaan Perempuan $c 2005 =300 ##$$a xii, 86 halaman $b - $c 21 cm $e =310 ##$$a =321 ##$$a =520 #$$a =650 #$$a =700 #$$a =856 ##$$a Perpustakaan kemendukbangga =Wor $a 1